Statistics for Dota 2 Heroes (11/2019)

Click here to take the quiz!

General Stats

  • This quiz has been taken 1,913 times
    (1,024 since last reset)
  • The average score is 64 of 120

Answer Stats

Heroes% Correct
Axe
80%
Phantom Assassin
80%
Earth Spirit
79%
Ember Spirit
78%
Pudge
78%
Storm Spirit
78%
Lina
77%
Invoker
74%
Io
74%
Anti-Mage
73%
Luna
73%
Crystal Maiden
72%
Earthshaker
71%
Zeus
71%
Void Spirit
70%
Drow Ranger
69%
Mirana
69%
Windranger
69%
Abaddon
67%
Phantom Lancer
66%
Sniper
66%
Shadow Fiend
65%
Dragon Knight
64%
Juggernaut
64%
Lion
63%
Wraith King
63%
Monkey King
62%
Bristleback
61%
Faceless Void
61%
Riki
61%
Chaos Knight
60%
Tidehunter
60%
Tiny
60%
Alchemist
59%
Kunkka
59%
Slark
59%
Techies
59%
Beastmaster
58%
Meepo
58%
Bounty Hunter
57%
Sven
57%
Templar Assassin
57%
Enigma
56%
Viper
56%
Brewmaster
55%
Nature's Prophet
55%
Slardar
55%
Legion Commander
54%
Mars
54%
Puck
54%
Terrorblade
54%
Tinker
54%
Treant Protector
54%
Queen Of Pain
53%
Shadow Shaman
53%
Shadow Demon
52%
Spirit Breaker
52%
Arc Warden
51%
Chen
51%
Dazzle
51%
Medusa
51%
Naga Siren
51%
Ogre Magi
51%
Vengeful Spirit
51%
Venomancer
51%
Witch Doctor
51%
Clockwerk
50%
Lifestealer
50%
Timbersaw
50%
Ancient Apparition
49%
Gyrocopter
49%
Huskar
49%
Keeper Of The Light
49%
Omniknight
49%
Rubick
49%
Spectre
49%
Broodmother
48%
Pangolier
48%
Ursa
48%
Centaur Warrunner
47%
Dark Willow
47%
Enchantress
47%
Jakiro
47%
Lycan
47%
Morphling
47%
Nyx Assassin
47%
Weaver
47%
Bane
46%
Bloodseeker
46%
Doom
46%
Lich
46%
Magnus
46%
Tusk
46%
Sand King
45%
Death Prophet
44%
Phoenix
44%
Undying
44%
Pugna
43%
Lone Druid
42%
Razor
42%
Silencer
42%
Clinkz
41%
Oracle
41%
Troll Warlord
41%
Visage
41%
Winter Wyvern
41%
Elder Titan
40%
Hoodwink
40%
Night Stalker
40%
Skywrath Mage
40%
Underlord
40%
Batrider
39%
Dark Seer
39%
Necrophos
39%
Outworld Devourer
38%
Snapfire
37%
Leshrac
34%
Warlock
34%
Disruptor
32%
Grimstroke
32%

Score Distribution

Percentile by Number Answered

Percent of People with Each Score

Your Score History

You have not taken this quiz since the last reset